000 00455nam a22001937a 4500
003 MPLRDC
005 20220104143411.0
008 210129b ||||| |||| 00| 0 eng d
020 _a957-708-011-1
082 _a782.886 WLB
100 _a吴淡如著
245 _a青春小鸟
_c
250 _a一版一刷
260 _a
_b麦田出版有限公司
_c1992
300 _b
490 _a麦田文学;11
650 _a
942 _cBK
_o782.886 WLB
999 _c39530
_d39520